000 01398nam a22004217a 4500
001 0028764
003 KOHA_MİRAKIL
005 20260207002639.0
007 ta
008 110322b1989 tu a|||gro|||#1|||0|tur |
020 _a9754480311
_c0,01
040 _aTR-BiSEU
_btur
_cTR-BiSEU
_erda
041 0 _atur
044 _ctu
050 _aBP189.7
_b.M54 1989
111 2 _aMillî Mevlânâ Kongresi (3. : 1988 : Konya)
_956964
245 1 _a3. Milli Mevlana Kongresi :
_b(tebliğler) :
_b12-14 Aralık 1988, Konya..
264 1 _aKonya :
_bSelçuk Üniversitesi
_c1989
300 _a322 sayfa :
_bres.
336 _ametin
_btxt
_2rdacontent
337 _aaracısız
_bn
_2rdamedia
338 _acilt
_bnc
_2rdacarrier
490 1 _aSelçuk Üniversitesi yayınları ;
_vno.
490 1 _a71.
490 1 _aSelçuklu Araştırmaları Merkezi yayınları ;
_vno.
490 1 _a4
500 _aMetin Türkçe, İngilizce ya da İtalyanca.
500 _a Kitap adı başında: Selçuk Üniversitesi.
650 0 _aMevlana Celalettin Rumi, 1207-1273--Kongreler.
_956965
650 0 _aSufiler--Kongreler.
_956966
650 0 _aMevlevilik--Kongreler.
_956967
830 1 _aSelçuk Üniversitesi yayınları ;
_vno.
_914248
830 1 _a71.
_921545
830 1 _aSelçuklu Araştırmaları Merkezi yayınları ;
_vno.
_932370
830 1 _a4
_98177
907 _aKongre
942 _2lcc
_cBK
999 _c28686
_d28686